000 00270nam a22001217a 4500
008 170503b xxu||||| |||| 00| 0 eng d
041 _aeng
080 _25 ED
_a34
100 _a13
101 _aSHJ
245 _aBLACKS LAW DICTIONARY
_cCAMPBELL.H
942 _2udc
_cBK
999 _c12510
_d12510